Personnages récurrents des Feux de l'Amour - Statistiques

Statistiques générales
  • Ce quiz a été pris 42 fois
  • Le résultat moyen est 16 sur 23
Statistiques - réponses
Par images Réponse % Correct
Jack
97%
Victor
97%
Sharon
94%
Victoria
94%
Nicholas
89%
Nikki
86%
Katherine
80%
Lily
80%
Phyllis
80%
Adam
77%
Ashley
77%
Summer
74%
Lauren
71%
Michael
71%
Neil
66%
John
63%
Abby
60%
Chelsea
57%
Devon
57%
Faith
57%
Cane
51%
Gloria
46%
Murphy
17%
Aucun quiz correspondant
Distribution des résultats
% des personnes avec chaque résultat
Percentile par nombre de réponses
Votre historique - résultats
Vous n’avez pas pris ce quiz